[Event "Nordic-ch U14"]
[Site "Torshavn"]
[Date "2021.09.11"]
[Round "3"]
[White "Sakic, Matija"]
[Black "Brattgjerd, Isak Vinh"]
[Result "1-0"]
[WhiteElo "1585"]
[BlackElo "1891"]
[PlyCount "127"]
[EventDate "2021.09.10"]
[EventType "swiss"]
[EventRounds "6"]
[EventCountry "FAI"]
[SourceTitle "EXT 2023"]
[Source "ChessBase"]
[SourceDate "2022.10.05"]
[SourceVersion "1"]
[SourceVersionDate "2022.10.05"]
[SourceQuality "1"]

1. e4 d6 2. d4 Nf6 3. Nc3 Nbd7 4. Nf3 e5 5. Bc4 Be7 6. 0-0 h6 7. dxe5 dxe5 8. Qe2 c6 9. Rd1 Qc7 10. a4 g5 11. Ba2 Nf8 12. Be3 Ng6 13. Qc4 Be6 14. Nd5 Bxd5 15. exd5 0-0 16. d6 Bxd6 17. Qd3 Nd5 18. Bxd5 cxd5 19. Qxd5 Rad8 20. h3 Rd7 21. c3 Rfd8 22. Qb3 Bc5 23. Bxc5 Qxc5 24. Rxd7 Rxd7 25. Rd1 Qc6 26. Rxd7 Qxd7 27. Qc2 Qd5 28. c4 Qc6 29. b3 Nf4 30. Ne1 a5 31. f3 Qc5+ 32. Qf2 Ne2+ 33. Kf1 Qxf2+ 34. Kxf2 Nc1 35. Ke3 f5 36. g4 Nxb3 37. gxf5 Kf7 38. Nd3 Kf6 39. Ke4 Nd2+ 40. Kd5 Nxf3 41. Nc5 b6 42. Nd7+ Kxf5 43. Nxb6 e4 44. c5 e3 45. c6 e2 46. c7 e1Q 47. c8Q+ Kg6 48. Qg8+ Kh5 49. Qf7+ Kh4 50. Qxf3 Qg3 51. Qxg3+ Kxg3 52. Nc4 Kxh3 53. Nxa5 g4 54. Nc4 g3 55. Ne3 g2 56. Nxg2 Kxg2 57. a5 h5 58. Ke5 h4 59. a6 h3 60. a7 h2 61. a8Q+ Kg1 62. Qa1+ Kg2 63. Qb2+ Kg3 64. Qb7 1-0

[Event "Nordic-ch U14"]
[Site "Torshavn"]
[Date "2021.09.10"]
[Round "1"]
[White "Sakic, Matija"]
[Black "Magnussen, Petur Gardar"]
[Result "1-0"]
[WhiteElo "1585"]
[BlackElo "1016"]
[PlyCount "81"]
[EventDate "2021.09.10"]
[EventType "swiss"]
[EventRounds "6"]
[EventCountry "FAI"]
[SourceTitle "EXT 2023"]
[Source "ChessBase"]
[SourceDate "2022.10.05"]
[SourceVersion "1"]
[SourceVersionDate "2022.10.05"]
[SourceQuality "1"]

1. e4 e5 2. Nf3 Nc6 3. Bb5 Nf6 4. 0-0 Bc5 5. c3 a6 6. Bxc6 dxc6 7. Nxe5 0-0 8. d4 Ba7 9. Bg5 Qd6 10. Qf3 Nxe4 11. Qxe4 f6 12. Bf4 Re8 13. Nd2 c5 14. Nec4 Rxe4 15. Bxd6 cxd6 16. Nxe4 d5 17. Nxc5 Bxc5 18. dxc5 dxc4 19. Rfe1 Bd7 20. Re4 Rc8 21. Rxc4 Bb5 22. Rd4 Rxc5 23. Re1 Kf7 24. c4 Bc6 25. f3 b5 26. cxb5 Bxb5 27. Rd2 Rc6 28. b3 Rc3 29. Kf2 h6 30. a4 Be8 31. Re3 Rc6 32. Rde2 Rc8 33. Rxe8 Rxe8 34. Rxe8 Kxe8 35. Ke3 Kd8 36. Ke4 Ke7 37. Kd5 Kd7 38. b4 g5 39. g4 h5 40. gxh5 f5 41. h3 1-0